000 00745nam a2200229 i 4500
001 bg
100 1 _aCHRABONSZCZEWSKA, Elżbieta
245 1 0 _aMiędzynarodowe organizacje finansowe /
_cElżbieta Chrabonszczewska.
260 _aWarszawa :
_bSzkoła Główna Handlowa - Oficyna Wydawnicza,
_c2005.
300 _a397 s. ;
_c24 cm.
504 _aBibliogr.
650 9 _aFinanse międzynarodowe
_xorganizacje
650 9 _aOrganizacje międzynarodowe
020 _a8373781447
040 _cBPK
041 0 _apol
080 _a339.73:061.1/.2
920 _a83-7378-144-7
942 _cKS
008 s pl f |000 0 pol
999 _c46634
_d46634
856 _uhttp://koha.tu.koszalin.pl/cgi-bin/koha/opac-detail.pl?biblionumber=46634
_yKatalog online BPK